[Event "Tom Weston Open Major Championship"]
[Site "Cardiff"]
[Date "2017.04.16"]
[Round "6.3"]
[White "McGregor, John"]
[Black "Jukes, Sam"]
[Result "1-0"]
[WhiteElo "1803"]
[BlackElo "1734"]
[PlyCount "111"]
[EventDate "2017.04.14"]
[EventType "swiss"]
[EventRounds "7"]
[EventCountry "WLS"]
[SourceDate "2017.04.14"]

1. e4 e5 2. Nf3 Nc6 3. d4 exd4 4. Nxd4 Bc5 5. Nb3 Bb6 6. a4 a6 7. Nc3 Qf6 8.
Qe2 Nge7 9. Nd5 Nxd5 10. exd5+ Ne7 11. a5 Ba7 12. g3 O-O 13. Bg2 d6 14. O-O Bd7
15. Be3 Bxe3 16. Qxe3 Rfe8 17. Qd4 Qxd4 18. Nxd4 Nf5 19. Bh3 Nxd4 20. Bxd7 Re2
21. Rac1 Re5 22. Kg2 Rd8 23. Bg4 f5 24. Rfd1 Ne2 25. Bxe2 Rxe2 26. Re1 Rde8 27.
Kf1 R2e4 28. f3 R4e5 29. f4 Re4 30. c4 Kf7 31. Rxe4 Rxe4 32. Kf2 Kf6 33. b3 h6
34. h4 g5 35. hxg5+ hxg5 36. fxg5+ Kxg5 37. Rh1 Re7 38. Rh8 Kf6 39. Rb8 Ke5 40.
Ke3 Rg7 41. Re8+ Kf6 42. Kf3 b6 43. axb6 cxb6 44. Re6+ Kg5 45. Rxd6 Rb7 46. Rc6
a5 47. Rc8 Rd7 48. Rg8+ Kf6 49. Kf4 b5 50. Rf8+ Kg6 51. Ke5 a4 52. bxa4 bxc4
53. d6 Ra7 54. Ke6 Rxa4 55. d7 Ra3 56. Rg8+ 1-0

[Event "Tom Weston Open Major Championship"]
[Site "Cardiff"]
[Date "2017.04.16"]
[Round "6.5"]
[White "Probert, Malcolm"]
[Black "Harle, Bill"]
[Result "1/2-1/2"]
[WhiteElo "1592"]
[BlackElo "1817"]
[PlyCount "53"]
[EventDate "2017.04.14"]
[EventType "swiss"]
[EventRounds "7"]
[EventCountry "WLS"]
[SourceDate "2017.04.14"]

1. Nf3 Nf6 2. g3 g6 3. b3 Bg7 4. Bb2 b6 5. Bg2 Bb7 6. c4 d6 7. O-O O-O 8. d4
Nbd7 9. Nc3 Re8 10. Qc2 c6 11. Rad1 d5 12. e4 dxe4 13. Nxe4 Nxe4 14. Qxe4 Nf6
15. Qe2 e6 16. Rfe1 Qc7 17. Qe5 Rac8 18. Qxc7 Rxc7 19. Bc1 Rd8 20. Ne5 Nd7 21.
f4 Nxe5 22. dxe5 Rcd7 23. Rxd7 Rxd7 24. Kf1 Bf8 25. Ke2 Be7 26. Rd1 Rc7 27. h4
1/2-1/2

[Event "Tom Weston Open Major Championship"]
[Site "Cardiff"]
[Date "2017.04.16"]
[Round "6.6"]
[White "Christmas, Steve"]
[Black "Stuart, Neil"]
[Result "1-0"]
[WhiteElo "1809"]
[BlackElo "1762"]
[PlyCount "127"]
[EventDate "2017.04.14"]
[EventType "swiss"]
[EventRounds "7"]
[EventCountry "WLS"]
[SourceDate "2017.04.14"]

1. d4 d5 2. Nf3 Nf6 3. c3 g6 4. Bf4 Bg7 5. h3 O-O 6. e3 Nbd7 7. Nbd2 c5 8. Be2
b6 9. O-O Bb7 10. Rc1 Ne4 11. b4 Ndf6 12. Qb3 c4 13. Qb2 b5 14. Bd1 a5 15. a3
Qb6 16. Bc2 axb4 17. axb4 Ra6 18. Ra1 Rfa8 19. g4 Qa7 20. Rxa6 Qxa6 21. Nxe4
Nxe4 22. Bxe4 dxe4 23. Nd2 Qa2 24. Rb1 f6 25. Bc7 Ra3 26. Qxa2 Rxa2 27. Rd1 Ra3
28. Rc1 Ra2 29. Nf1 Kf7 30. Kg2 Bd5 31. Kg3 Bh6 32. Bf4 Bf8 33. h4 e6 34. g5 f5
35. Nh2 Bg7 36. Nf1 Bf8 37. Kg2 Ke7 38. Ng3 Kf7 39. Kf1 Be7 40. Ke1 Ke8 41. Ne2
Kf7 42. Kd1 Bd8 43. Rc2 Ra1+ 44. Nc1 h6 45. Re2 hxg5 46. hxg5 e5 47. dxe5 Ke6
48. Re1 Bc7 49. Kc2 Bxe5 50. Bxe5 Kxe5 51. Kb2 Ra8 52. Ne2 Rh8 53. Nf4 Bf7 54.
Rd1 Rh2 55. Rd2 Rh1 56. Rd7 Bg8 57. Nxg6+ Ke6 58. Rd2 Rg1 59. Nf4+ Ke7 60. g6
Kf6 61. Rd8 Kg7 62. Nh5+ Kh6 63. Rxg8 Kxh5 64. Rh8+ 1-0

[Event "Tom Weston Open Major Championship"]
[Site "Cardiff"]
[Date "2017.04.17"]
[Round "6.7"]
[White "Williams, Stephen"]
[Black "Wagner, Guy"]
[Result "0-1"]
[WhiteElo "1714"]
[BlackElo "1809"]
[PlyCount "146"]
[EventDate "2017.04.14"]
[EventType "swiss"]
[EventRounds "7"]
[EventCountry "WLS"]
[SourceDate "2017.04.14"]

1. d4 e6 2. c4 f5 3. Nc3 Nf6 4. Nf3 d5 5. e3 Bd6 6. Be2 O-O 7. O-O b6 8. Qc2
Ne4 9. cxd5 Nxc3 10. bxc3 exd5 11. c4 Be6 12. Ne5 Nd7 13. f4 c5 14. Bf3 cxd4
15. exd4 Rc8 16. Qa4 dxc4 17. Qxa7 Nxe5 18. fxe5 Bb8 19. Qa3 Qxd4+ 20. Be3 Qd8
21. Rfd1 Qe8 22. Bxb6 Bxe5 23. Rab1 c3 24. Re1 c2 25. Rbc1 Bf4 26. Be3 Bxe3+
27. Rxe3 Qd7 28. Qb2 f4 29. Ree1 Bf5 30. Qe5 Qa7+ 31. Kh1 Bg6 32. Rf1 Kh8 33.
Bd5 Qe3 34. Qb2 Rb8 35. Bb3 h6 36. Rfe1 Qd2 37. Re7 Rf7 38. Re6 Rd7 39. h3 f3
40. Rxg6 f2 41. Rxh6+ Qxh6 42. Qxc2 Rf8 43. Rf1 Qf4 44. Qc5 Rd2 45. Qh5+ Qh6
46. Qc5 g6 47. Qc3+ Kh7 48. Qc7+ Qg7 49. Qg3 Qf6 50. Qc7+ Kh8 51. Qc4 Rd4 52.
Qe2 Rh4 53. Bd5 Qf5 54. Be6 Qe4 55. Qb2+ Kh7 56. Qb6 Rhf4 57. Qc7+ Kh6 58. Bb3
Qe2 59. Qc1 g5 60. Kh2 Qe5 61. Qc6+ R8f6 62. Qd5 Qc7 63. Kh1 Qg7 64. g4 Rf3 65.
Kg2 Qf8 66. Bd1 R3f4 67. Bc2 Rd6 68. Qc5 Qa8+ 69. Kh2 Rdf6 70. Qe7 Rf7 71. Qd6+
R4f6 72. Qe5 Qa6 73. Rxf2 Rxf2+ 0-1

[Event "Tom Weston Open Major Championship"]
[Site "Cardiff"]
[Date "2017.04.17"]
[Round "6.8"]
[White "Qiu, Anlan"]
[Black "Livermore, Richard"]
[Result "1/2-1/2"]
[WhiteElo "1612"]
[BlackElo "1553"]
[PlyCount "52"]
[EventDate "2017.04.14"]
[EventType "swiss"]
[EventRounds "7"]
[EventCountry "WLS"]
[SourceDate "2017.04.14"]

1. e4 e6 2. d3 d5 3. Nd2 c5 4. Ngf3 Nc6 5. g3 Nf6 6. Bg2 dxe4 7. dxe4 e5 8. O-O
Bg4 9. h3 Be6 10. Qe2 Nd4 11. Nxd4 cxd4 12. f4 Qc7 13. f5 Bc5 14. Qd3 Bd7 15.
a4 Rc8 16. Nc4 b5 17. axb5 Bxb5 18. Nd6+ Qxd6 19. Qxb5+ Qc6 20. Qd3 Bb6 21. Rf2
Qc4 22. Qxc4 Rxc4 23. Bf1 d3 24. Bxd3 Rc7 25. Bd2 Bxf2+ 26. Kxf2 O-O 1/2-1/2

[Event "Tom Weston Open Major Championship"]
[Site "Cardiff"]
[Date "2017.04.17"]
[Round "6.9"]
[White "Ray, Hiya"]
[Black "Hurn, Robert AJ"]
[Result "1-0"]
[WhiteElo "1465"]
[BlackElo "1607"]
[PlyCount "113"]
[EventDate "2017.04.14"]
[EventType "swiss"]
[EventRounds "7"]
[EventCountry "WLS"]
[SourceDate "2017.04.14"]

1. d4 Nf6 2. c4 e6 3. Nf3 d5 4. g3 dxc4 5. Bg2 c5 6. O-O Nc6 7. dxc5 Qa5 8. Na3
Qxc5 9. Be3 Qb4 10. Qc2 Bd7 11. Nxc4 Rc8 12. Qd3 Be7 13. a3 Qa4 14. b4 b5 15.
Nb2 Qa6 16. Rac1 Nd5 17. Bc5 O-O 18. Bxe7 Ncxe7 19. Ng5 g6 20. Ne4 Qb6 21. Nc5
Bc6 22. e4 Nf6 23. Qc3 Nd7 24. Nxd7 Bxd7 25. Qf6 Nc6 26. Rfd1 Rfd8 27. Rd6 Be8
28. e5 Qa6 29. Rcxc6 Bxc6 30. Rxd8+ Rxd8 31. Qxd8+ Kg7 32. Qd6 Qxa3 33. Qxc6
Qxb2 34. Qxb5 Qa1+ 35. Bf1 Qd4 36. Qa5 h6 37. h3 g5 38. g4 Qc3 39. Qd8 Qxe5 40.
Qd7 Qb8 41. b5 Qb6 42. Qc6 Qd4 43. Qc7 Qa1 44. Qc5 e5 45. Kg2 Qd4 46. Qxd4 exd4
47. Kf3 Kf6 48. Ke4 Ke6 49. Kxd4 Kd6 50. Bc4 f6 51. Bb3 Kc7 52. Kc5 Kd7 53. Bc4
Kc7 54. Be6 Kb8 55. Kc6 Ka8 56. Kc7 a6 57. b6 1-0

[Event "Tom Weston Open Major Championship"]
[Site "Cardiff"]
[Date "2017.04.17"]
[Round "6.13"]
[White "Jaberansari, Daniel"]
[Black "Jones, Huw"]
[Result "1/2-1/2"]
[WhiteElo "1405"]
[BlackElo "1690"]
[PlyCount "31"]
[EventDate "2017.04.14"]
[EventType "swiss"]
[EventRounds "7"]
[EventCountry "WLS"]
[SourceDate "2017.04.14"]

1. e4 c5 2. c3 d5 3. exd5 Qxd5 4. d4 Nf6 5. Na3 e6 6. Nc2 Nc6 7. Nf3 Be7 8. Be2
O-O 9. O-O Qd8 10. dxc5 Bxc5 11. Be3 Be7 12. Qxd8 Rxd8 13. Rad1 Nd5 14. Bc4 a6
15. Bxd5 Rxd5 16. Ncd4 1/2-1/2

[Event "Tom Weston Open Major Championship"]
[Site "Cardiff"]
[Date "2017.04.17"]
[Round "6.14"]
[White "Cox, John"]
[Black "Lutchman Singh, Karanvir"]
[Result "1-0"]
[WhiteElo "1448"]
[BlackElo "1605"]
[PlyCount "89"]
[EventDate "2017.04.14"]
[EventType "swiss"]
[EventRounds "7"]
[EventCountry "WLS"]
[SourceDate "2017.04.14"]

1. Nf3 Nf6 2. d4 g6 3. c4 Bg7 4. Nc3 d6 5. e3 O-O 6. Bd3 Nbd7 7. O-O c5 8. d5
Ng4 9. h3 Nge5 10. Re1 Nxf3+ 11. Qxf3 Ne5 12. Qd1 Nxd3 13. Qxd3 Bd7 14. e4 a6
15. Bf4 Qb6 16. b3 Rfe8 17. e5 Bf5 18. Qe3 dxe5 19. Bxe5 Bxe5 20. Qxe5 Rad8 21.
Rad1 Qd6 22. g4 Bc8 23. Rd2 e6 24. Qxd6 Rxd6 25. Ne4 exd5 26. Rxd5 Rde6 27.
Nf6+ Kf8 28. Rxe6 Rxe6 29. Nxh7+ Kg7 30. Ng5 b6 31. Nxe6+ Bxe6 32. Rd6 b5 33.
Rxa6 bxc4 34. bxc4 Bxc4 35. Ra5 Be6 36. a3 c4 37. Rc5 Kf6 38. f4 Ke7 39. Kf2
Kd6 40. Ra5 c3 41. Ke1 Kc6 42. Kd1 Kb6 43. Re5 Bb3+ 44. Kc1 f6 45. Re3 1-0

[Event "Tom Weston Open Major Championship"]
[Site "Cardiff"]
[Date "2017.04.17"]
[Round "6.15"]
[White "White, Sam"]
[Black "Lutchman Singh, Aishwarya"]
[Result "1/2-1/2"]
[WhiteElo "1671"]
[BlackElo "1411"]
[PlyCount "52"]
[EventDate "2017.04.14"]
[EventType "swiss"]
[EventRounds "7"]
[EventCountry "WLS"]
[SourceDate "2017.04.14"]

1. d4 Nf6 2. Bf4 d6 3. e3 Nbd7 4. Nf3 c6 5. Bc4 Qb6 6. Bb3 a5 7. a4 g6 8. Nbd2
Qc7 9. O-O Bg7 10. e4 e5 11. dxe5 Nxe5 12. Nxe5 dxe5 13. Bg3 O-O 14. f3 Rd8 15.
Be1 Bh6 16. Qe2 Qb6+ 17. Kh1 Qd4 18. Nc4 Qc5 19. Bf2 Qe7 20. Rfd1 Be6 21. Rxd8+
Rxd8 22. Rd1 Rxd1+ 23. Qxd1 Bxc4 24. Bxc4 Qd7 25. Bd3 c5 26. c4 b6 1/2-1/2

[Event "Tom Weston Open Major Championship"]
[Site "Cardiff"]
[Date "2017.04.17"]
[Round "7.2"]
[White "Christmas, Steve"]
[Black "Buttell, David"]
[Result "1/2-1/2"]
[WhiteElo "1809"]
[BlackElo "1758"]
[PlyCount "58"]
[EventDate "2017.04.14"]
[EventType "swiss"]
[EventRounds "7"]
[EventCountry "WLS"]
[SourceDate "2017.04.14"]

1. d4 d5 2. c3 Nf6 3. Nf3 c6 4. Bf4 Bf5 5. Nbd2 h6 6. e3 e6 7. Be2 Bd6 8. Bxd6
Qxd6 9. Qb3 Qc7 10. Ne5 O-O 11. g4 Bh7 12. h4 Nfd7 13. Nxd7 Nxd7 14. g5 Kh8 15.
gxh6 gxh6 16. f4 Nf6 17. Bf3 Rg8 18. Kf2 Qe7 19. a3 a6 20. Qb4 Qxb4 21. axb4
Ne4+ 22. Bxe4 Bxe4 23. Rhg1 Rxg1 24. Rxg1 Rg8 25. Rxg8+ Kxg8 26. Nb3 b6 27. Nd2
f6 28. c4 Bc2 29. c5 b5 1/2-1/2

[Event "Tom Weston Open Major Championship"]
[Site "Cardiff"]
[Date "2017.04.17"]
[Round "7.3"]
[White "Thomas, Roy"]
[Black "Gibbs, Dominic V"]
[Result "0-1"]
[WhiteElo "1727"]
[BlackElo "1845"]
[PlyCount "78"]
[EventDate "2017.04.14"]
[EventType "swiss"]
[EventRounds "7"]
[EventCountry "WLS"]
[SourceDate "2017.04.14"]

1. f4 g6 2. Nf3 Bg7 3. e4 c6 4. Nc3 d5 5. e5 Nh6 6. d4 Bg4 7. Be2 Nf5 8. O-O b5
9. h3 Bxf3 10. Bxf3 h5 11. Qd3 e6 12. Bd2 Qb6 13. Ne2 Nd7 14. b4 Qb7 15. a4 a6
16. a5 Qa7 17. Kf2 g5 18. Ke1 gxf4 19. Bxf4 O-O-O 20. g4 hxg4 21. hxg4 Nh4 22.
Kd2 Ng6 23. Bg5 Rdf8 24. Rh1 Ngxe5 25. Qb3 Nc4+ 26. Kd3 f6 27. Bh4 Nde5+ 28.
Kc3 Nxf3 29. Bf2 Nfd2 30. Qa2 Ne4+ 31. Kb3 Nxf2 32. Rhe1 Rh3+ 33. c3 e5 34. Ng1
Rxc3+ 35. Kxc3 Qxd4+ 36. Kc2 Qd2+ 37. Kb1 Qxe1+ 38. Kc2 Qd2+ 39. Kb1 Qd1# 0-1

[Event "Tom Weston Open Major Championship"]
[Site "Cardiff"]
[Date "2017.04.17"]
[Round "7.4"]
[White "Wagner, Guy"]
[Black "Bridges, Paul"]
[Result "1/2-1/2"]
[WhiteElo "1809"]
[BlackElo "1776"]
[PlyCount "52"]
[EventDate "2017.04.14"]
[EventType "swiss"]
[EventRounds "7"]
[EventCountry "WLS"]
[SourceDate "2017.04.14"]

1. d4 d5 2. Nf3 e6 3. b3 c6 4. c4 Bd6 5. g3 f5 6. Bg2 Nf6 7. O-O Nbd7 8. Ba3
Qe7 9. Bxd6 Qxd6 10. cxd5 exd5 11. Nbd2 O-O 12. e3 Ne4 13. Ne1 Qe7 14. Ndf3
Ndf6 15. Nd3 Be6 16. Nfe5 Nd7 17. f3 Nxe5 18. Nxe5 Nd6 19. Qd2 Nf7 20. f4 Nxe5
21. fxe5 g6 22. b4 Rac8 23. a4 b6 24. Rfc1 Rc7 25. Bf1 Bc8 26. Rc2 Bb7 1/2-1/2

[Event "Tom Weston Open Major Championship"]
[Site "Cardiff"]
[Date "2017.04.17"]
[Round "7.6"]
[White "Harle, Bill"]
[Black "Ray, Hiya"]
[Result "1/2-1/2"]
[WhiteElo "1817"]
[BlackElo "1465"]
[PlyCount "28"]
[EventDate "2017.04.14"]
[EventType "swiss"]
[EventRounds "7"]
[EventCountry "WLS"]
[SourceDate "2017.04.14"]

1. d4 Nf6 2. Nf3 g6 3. g3 Bg7 4. Bg2 O-O 5. O-O d6 6. b3 Nc6 7. Bb2 Bf5 8. c3
Qd7 9. Nbd2 Bh3 10. Re1 Bxg2 11. Kxg2 e5 12. Nc4 exd4 13. cxd4 Rfe8 14. e3 Nb4
1/2-1/2

[Event "Tom Weston Open Major Championship"]
[Site "Cardiff"]
[Date "2017.04.17"]
[Round "7.8"]
[White "Probert, Malcolm"]
[Black "Stuart, Neil"]
[Result "0-1"]
[WhiteElo "1592"]
[BlackElo "1762"]
[PlyCount "78"]
[EventDate "2017.04.14"]
[EventType "swiss"]
[EventRounds "7"]
[EventCountry "WLS"]
[SourceDate "2017.04.14"]

1. Nf3 Nf6 2. g3 d5 3. d4 c6 4. Bg2 Bf5 5. O-O e6 6. c4 Be7 7. Nc3 O-O 8. Qb3
Qb6 9. Qxb6 axb6 10. cxd5 exd5 11. Nd2 Nbd7 12. e4 dxe4 13. Ndxe4 Rfe8 14.
Nxf6+ Nxf6 15. a3 Rad8 16. Rd1 Bc2 17. Re1 Kf8 18. Be3 Bb3 19. h3 Nd5 20. Nxd5
Bxd5 21. Bxd5 Rxd5 22. f4 f5 23. Kf2 Bf6 24. Rad1 Red8 25. Ke2 Bxd4 26. Bxd4
Rxd4 27. Rxd4 Rxd4 28. Rc1 Ke7 29. Rc3 Kd6 30. Ke3 Kd5 31. Rb3 b5 32. Rd3 Rxd3+
33. Kxd3 c5 34. b3 c4+ 35. Kc3 Kc5 36. g4 fxg4 37. hxg4 h6 38. g5 hxg5 39. fxg5
g6 0-1

[Event "Tom Weston Open Major Championship"]
[Site "Cardiff"]
[Date "2017.04.17"]
[Round "7.11"]
[White "Bonutto, Stephen"]
[Black "Cox, John"]
[Result "1-0"]
[WhiteElo "1474"]
[BlackElo "1448"]
[PlyCount "29"]
[EventDate "2017.04.14"]
[EventType "swiss"]
[EventRounds "7"]
[EventCountry "WLS"]
[SourceDate "2017.04.14"]

1. e4 c5 2. Nf3 d6 3. d4 cxd4 4. Nxd4 Nf6 5. Nc3 a6 6. Be2 e6 7. O-O Be7 8. Be3
Nc6 9. Qd2 O-O 10. Rad1 Qc7 11. f4 e5 12. Nf3 Ng4 13. Nd5 Qa5 14. Qxa5 Nxa5 15.
Nxe7+ 1-0

[Event "Tom Weston Open Major Championship"]
[Site "Cardiff"]
[Date "2017.04.17"]
[Round "7.13"]
[White "Jones, Huw"]
[Black "Fraser, Susanna"]
[Result "1/2-1/2"]
[WhiteElo "1690"]
[BlackElo "1419"]
[PlyCount "35"]
[EventDate "2017.04.14"]
[EventType "swiss"]
[EventRounds "7"]
[EventCountry "WLS"]
[SourceDate "2017.04.14"]

1. d4 d5 2. c4 e6 3. Nc3 Nf6 4. Bg5 Be7 5. e3 O-O 6. Nf3 b6 7. Bd3 dxc4 8. Bxc4
Bb7 9. O-O Nbd7 10. Qe2 c5 11. Rfd1 Qc7 12. Rac1 a6 13. a4 Rfc8 14. d5 exd5 15.
Nxd5 Nxd5 16. Bxd5 Bxd5 17. Rxd5 Bxg5 18. Rxg5 1/2-1/2

[Event "Tom Weston Open Major Championship"]
[Site "Cardiff"]
[Date "2017.04.17"]
[Round "7.14"]
[White "Lutchman Singh, Karanvir"]
[Black "White, Sam"]
[Result "1-0"]
[WhiteElo "1605"]
[BlackElo "1671"]
[PlyCount "29"]
[EventDate "2017.04.14"]
[EventType "swiss"]
[EventRounds "7"]
[EventCountry "WLS"]
[SourceDate "2017.04.14"]

1. e4 e5 2. Nf3 d6 3. Bc4 Be7 4. Nc3 c6 5. O-O Be6 6. Bxe6 fxe6 7. d4 Nd7 8.
dxe5 dxe5 9. Qe2 Ngf6 10. Qc4 O-O 11. Qxe6+ Kh8 12. Rd1 Bc5 13. Nxe5 Bxf2+ 14.
Kh1 Re8 15. Nf7+ 1-0

[Event "Tom Weston Open Major Championship"]
[Site "Cardiff"]
[Date "2017.04.17"]
[Round "7.15"]
[White "O'Rourke, Kevin"]
[Black "Lutchman Singh, Aishwarya"]
[Result "0-1"]
[WhiteElo "1310"]
[BlackElo "1411"]
[PlyCount "114"]
[EventDate "2017.04.14"]
[EventType "swiss"]
[EventRounds "7"]
[EventCountry "WLS"]
[SourceDate "2017.04.14"]

1. e4 e5 2. Nf3 Nc6 3. d4 exd4 4. Nxd4 Nf6 5. Nxc6 bxc6 6. Nc3 Bb4 7. Bd2 O-O
8. Bd3 d5 9. a3 Bxc3 10. Bxc3 dxe4 11. Bxf6 Qxf6 12. Be2 Qxb2 13. O-O Qf6 14.
Rb1 Qg5 15. f4 Qc5+ 16. Kh1 Qxa3 17. Bg4 f5 18. Be2 Qd6 19. Bc4+ Kh8 20. Qe2
Be6 21. Rbd1 Qe7 22. Rg1 Rad8 23. Bxe6 Qxe6 24. Ra1 Ra8 25. g4 fxg4 26. Rxg4 e3
27. Rag1 Qe4+ 28. Qg2 Qxg2+ 29. R1xg2 g6 30. Re2 Rfe8 31. Kg2 a5 32. Rg3 a4 33.
Kf3 a3 34. Rg1 a2 35. Ra1 Kg7 36. c4 Kf6 37. Raxa2 Rxa2 38. Rxa2 g5 39. fxg5+
Kxg5 40. Rg2+ Kf5 41. Ke2 Kf4 42. c5 Rd8 43. Rg3 Rd2+ 44. Ke1 Rxh2 45. Rg7 Rh3
46. Ke2 Rg3 47. Rf7+ Kg4 48. Re7 h6 49. Rxe3 Rxe3+ 50. Kxe3 Kg3 51. Ke4 h5 52.
Ke3 h4 53. Ke2 Kg2 54. Ke3 h3 55. Ke4 h2 56. Ke5 h1=Q 57. Ke6 Qd1 0-1